[Event "ch-city"]
[Site "Milanowek"]
[Date "2010.07.03"]
[Round "8.12"]
[White "Rozycki, Dariusz"]
[Black "Kucharski, Jacek"]
[Result "1-0"]
[WhiteElo "1505"]
[BlackElo "1369"]
[PlyCount "91"]
[EventDate "2010.06.26"]
[EventType "swiss"]
[EventRounds "1"]
[EventCountry "POL"]
[SourceDate "2010.06.26"]

1. e4 c5 2. d4 cxd4 3. c3 e6 4. cxd4 g6 5. Nc3 Bg7 6. Nf3 d6 7. Bf4 a6 8. Bc4
Ne7 9. O-O O-O 10. Qe2 b5 11. Bb3 Bb7 12. Rfd1 Qb6 13. Rac1 Nd7 14. e5 d5 15.
Rd3 Rac8 16. Qd2 f6 17. Bh6 Rf7 18. Bxg7 Rxg7 19. exf6 Nxf6 20. Ne5 Qd6 21. Rg3
b4 22. Ne2 Ne4 23. Rxc8+ Bxc8 24. Qh6 Nf5 25. Qc1 Rc7 26. Qf4 Nexg3 27. fxg3
Qe7 28. g4 Nd6 29. g3 Qe8 30. Nxg6 Qxg6 31. Qxd6 Rf7 32. Nf4 Qxg4 33. Kg2 Rxf4
34. Qxf4 Qe2+ 35. Qf2 Qe4+ 36. Kg1 e5 37. dxe5 Bh3 38. Qd2 Be6 39. Qg5+ Qg6 40.
Qxg6+ hxg6 41. Kf2 Kg7 42. Ke3 g5 43. Kd4 Kg6 44. Bxd5 Kf5 45. Bxe6+ Kxe6 46.
h4 1-0

[Event "ch-city"]
[Site "Milanowek"]
[Date "2010.07.04"]
[Round "9.1"]
[White "Woloszyn, Piotr"]
[Black "Janczarski, Michal"]
[Result "0-1"]
[WhiteElo "1759"]
[BlackElo "2281"]
[PlyCount "108"]
[EventDate "2010.06.26"]
[EventType "swiss"]
[EventRounds "1"]
[EventCountry "POL"]
[SourceDate "2010.06.26"]

1. g3 e5 2. c4 Nc6 3. Nc3 f5 4. e3 Nf6 5. d4 e4 6. h4 d5 7. Nh3 Ne7 8. Qb3 c6
9. Nf4 a6 10. c5 g6 11. Na4 Bg7 12. Nb6 Rb8 13. Bd2 Bd7 14. Ba5 Nc8 15. Qb4
Nxb6 16. Bxb6 Qc8 17. Rc1 Kf7 18. h5 g5 19. h6 Bf8 20. Nh5 Nxh5 21. Rxh5 Kg6
22. Be2 g4 23. Rh2 Bxh6 24. Kd2 Bg5 25. Rch1 h5 26. Qa5 Rh7 27. a4 Be6 28. Qb4
Qh8 29. Kc2 Qf6 30. Qe1 Rbh8 31. Qa5 Qe7 32. Qc3 h4 33. gxh4 Rxh4 34. Rxh4 Rxh4
35. Rf1 Rh2 36. Qe1 Qh7 37. Kb1 f4 38. exf4 Bxf4 39. Ba5 Bf5 40. Ka2 Qh8 41.
Bc3 Qh4 42. Bd1 Qg5 43. Bb3 Rh3 44. Bb4 e3 45. fxe3 Rxe3 46. Qa1 g3 47. Bd2 g2
48. Rg1 Re2 49. Bxf4 Qxf4 50. Qd1 Qd2 51. Qxd2 Rxd2 52. Bd1 Be4 53. Bg4 Bf5 54.
Bf3 Bh3 0-1

[Event "ch-city"]
[Site "Milanowek"]
[Date "2010.07.04"]
[Round "9.2"]
[White "Wyszomirski, Krzysztof"]
[Black "Liberadzki, Slawomir"]
[Result "0-1"]
[WhiteElo "1736"]
[BlackElo "2007"]
[PlyCount "82"]
[EventDate "2010.06.26"]
[EventType "swiss"]
[EventRounds "1"]
[EventCountry "POL"]
[SourceDate "2010.06.26"]

1. e4 c5 2. Nf3 Nc6 3. d4 cxd4 4. Nxd4 e6 5. Be3 Qc7 6. c3 Nf6 7. Nd2 a6 8. f4
b5 9. Bd3 Bb7 10. O-O Be7 11. h3 d5 12. e5 Nd7 13. N2b3 g6 14. Kh1 Nb6 15. Nxc6
Bxc6 16. Bxb6 Qxb6 17. Nd4 Bc5 18. Nxc6 Qxc6 19. Qf3 Rc8 20. Rfd1 Be7 21. Rac1
Qb6 22. Rf1 h5 23. Rfd1 h4 24. Qg4 Qf2 25. Rc2 Qg3 26. Qxg3 hxg3 27. Kg1 Bc5+
28. Kh1 Be3 29. Rf1 Rh4 30. a4 bxa4 31. Bxa6 Rb8 32. c4 Rxf4 33. Ra1 dxc4 34.
Bxc4 Rb4 35. Be2 Kf8 36. Rd1 Rbd4 37. Ra1 Rf2 38. Rc8+ Kg7 39. Bf3 Rxf3 40.
gxf3 Rd2 41. Rxa4 Rh2# 0-1

[Event "ch-city"]
[Site "Milanowek"]
[Date "2010.07.04"]
[Round "9.3"]
[White "Gajewski, Dariusz"]
[Black "Winski, Lukasz"]
[Result "0-1"]
[WhiteElo "2014"]
[BlackElo "2115"]
[PlyCount "76"]
[EventDate "2010.06.26"]
[EventType "swiss"]
[EventRounds "1"]
[EventCountry "POL"]
[SourceDate "2010.06.26"]

1. e4 e6 2. d4 d5 3. Nd2 c5 4. exd5 Qxd5 5. Ngf3 cxd4 6. Bc4 Qd6 7. O-O Nf6 8.
Nb3 Bd7 9. Nbxd4 Qc7 10. b3 Bd6 11. Bb2 a6 12. Re1 O-O 13. Qd2 e5 14. Ne2 Nc6
15. Ng3 Rad8 16. Rad1 Bb4 17. c3 Bc5 18. Qc2 Ng4 19. Rd2 h6 20. h3 Nf6 21. Bc1
Be7 22. Rde2 b5 23. Bd3 Bd6 24. Nh4 b4 25. Nhf5 Bxf5 26. Nxf5 bxc3 27. Bxh6 g6
28. Bxf8 Kxf8 29. Nxd6 Nd4 30. Nc4 Nxc2 31. Rxc2 Rxd3 32. Nxe5 Rd2 33. Rcc1 Qc5
34. Kh1 Qxf2 35. Rg1 Ne4 36. Ng4 Qg3 37. Rcf1 c2 38. Rf3 Qxf3 0-1

[Event "ch-city"]
[Site "Milanowek"]
[Date "2010.07.04"]
[Round "9.4"]
[White "Lasota, Adam"]
[Black "Olejarczyk, Bogdan"]
[Result "0-1"]
[WhiteElo "1825"]
[BlackElo "2174"]
[PlyCount "78"]
[EventDate "2010.06.26"]
[EventType "swiss"]
[EventRounds "1"]
[EventCountry "POL"]
[SourceDate "2010.06.26"]

1. d4 d5 2. c4 c6 3. Nf3 Nf6 4. Nc3 Nbd7 5. c5 e5 6. dxe5 Ng4 7. h3 Ngxe5 8.
Nxe5 Nxe5 9. Qd4 Qf6 10. Be3 Be7 11. f4 Nd7 12. Qxf6 Bxf6 13. O-O-O O-O 14. g4
Re8 15. Bf2 b6 16. cxb6 axb6 17. Bd4 Bxd4 18. Rxd4 c5 19. Rd2 d4 20. Nb5 Bb7
21. Rh2 Rxa2 22. Nd6 Be4 23. Nxe4 Rxe4 24. Kb1 Ra7 25. Rf2 Re3 26. Rd3 Rxd3 27.
exd3 Nf6 28. Re2 Kf8 29. Bg2 Re7 30. Rxe7 Kxe7 31. Kc2 Kd6 32. Kb3 b5 33. Kc2
Nd5 34. Be4 Nxf4 35. Bxh7 Nxh3 36. Bf5 Nf4 37. Bc8 c4 38. Ba6 Kc5 39. Bb7 Nxd3
0-1

[Event "ch-city"]
[Site "Milanowek"]
[Date "2010.07.04"]
[Round "9.5"]
[White "Rogalski, Krzysztof"]
[Black "Cyra, Dariusz"]
[Result "0-1"]
[WhiteElo "1948"]
[BlackElo "1874"]
[PlyCount "62"]
[EventDate "2010.06.26"]
[EventType "swiss"]
[EventRounds "1"]
[EventCountry "POL"]
[SourceDate "2010.06.26"]

1. d4 Nf6 2. Nf3 e6 3. c4 b6 4. Nc3 Bb4 5. Qb3 a5 6. a3 Bxc3+ 7. Qxc3 Bb7 8.
Bg5 d6 9. e3 Nbd7 10. Bd3 h6 11. Bh4 Qe7 12. Bc2 g5 13. Bg3 Ne4 14. Qb3 Ndf6
15. Qb5+ Kf8 16. O-O-O Kg7 17. Ne1 Qd7 18. Qb3 a4 19. Qa2 b5 20. f3 Nxg3 21.
hxg3 bxc4 22. Qxc4 Bd5 23. Qc3 Rhb8 24. e4 Bb3 25. Nd3 Qb5 26. Rd2 Rb6 27. Nb4
c5 28. dxc5 dxc5 29. Nd3 Rd8 30. Rxh6 Rd4 31. Nxc5 Qf1+ 0-1

[Event "ch-city"]
[Site "Milanowek"]
[Date "2010.07.04"]
[Round "9.6"]
[White "Winiarski, Mikolaj"]
[Black "Staniak, Mariusz"]
[Result "1-0"]
[WhiteElo "1674"]
[BlackElo "1901"]
[PlyCount "71"]
[EventDate "2010.06.26"]
[EventType "swiss"]
[EventRounds "1"]
[EventCountry "POL"]
[SourceDate "2010.06.26"]

1. e4 e5 2. Nf3 Nc6 3. Bc4 Nf6 4. O-O Bc5 5. d3 d6 6. c3 a6 7. Bb3 Be6 8. Bc2
h6 9. d4 exd4 10. cxd4 Bb6 11. d5 Bg4 12. dxc6 bxc6 13. e5 Nd5 14. exd6 Qxd6
15. Re1+ Kd8 16. Nc3 Re8 17. Nxd5 cxd5 18. Ba4 c6 19. Rxe8+ Kxe8 20. Bf4 Qf6
21. Qxd5 Rc8 22. Re1+ Be6 23. Qd6 Qxb2 24. Bxc6+ Rxc6 25. Qxc6+ Kf8 26. Qd6+
Kg8 27. Qd2 Qf6 28. Bg3 Bg4 29. Qf4 Bf5 30. Bh4 g5 31. Qb8+ Kh7 32. Bg3 Qb2 33.
Qe5 Qc2 34. Qf6 Be6 35. Rxe6 fxe6 36. Qf7+ 1-0

[Event "ch-city"]
[Site "Milanowek"]
[Date "2010.07.04"]
[Round "9.7"]
[White "Tomaszewska, Luiza"]
[Black "Sujkowski, Pawel"]
[Result "1/2-1/2"]
[WhiteElo "1968"]
[BlackElo "1944"]
[PlyCount "59"]
[EventDate "2010.06.26"]
[EventType "swiss"]
[EventRounds "1"]
[EventCountry "POL"]
[SourceDate "2010.06.26"]

1. e4 e5 2. Nf3 Nc6 3. Bb5 Nf6 4. O-O Nxe4 5. Re1 Nd6 6. Bxc6 dxc6 7. Nxe5 Be7
8. d4 O-O 9. c3 Nf5 10. Bf4 c5 11. d5 Bd6 12. Na3 Qh4 13. Qd2 f6 14. Nd3 Bxf4
15. Qxf4 Qxf4 16. Nxf4 Nd6 17. b3 Bf5 18. Ne6 Bxe6 19. Rxe6 Rfe8 20. Rae1 Kf7
21. g4 Rxe6 22. dxe6+ Ke7 23. f4 Rf8 24. Nc4 Nxc4 25. bxc4 Rd8 26. f5 Rd2 27.
Re3 a5 28. a4 b6 29. h3 Ke8 30. Kf1 $11 1/2-1/2

[Event "ch-city"]
[Site "Milanowek"]
[Date "2010.07.04"]
[Round "9.8"]
[White "Paziewski, Marcin"]
[Black "Trocha, Adam"]
[Result "1/2-1/2"]
[WhiteElo "1761"]
[BlackElo "1525"]
[PlyCount "44"]
[EventDate "2010.06.26"]
[EventType "swiss"]
[EventRounds "1"]
[EventCountry "POL"]
[SourceDate "2010.06.26"]

1. d4 Nf6 2. c4 e6 3. Nc3 Bb4 4. Qc2 O-O 5. a3 Bxc3+ 6. Qxc3 Ne4 7. Qc2 f5 8.
e3 b6 9. Bd3 Bb7 10. Nf3 Ng5 11. Be2 Be4 12. Qd1 Qf6 13. h4 Nf7 14. Bd2 c5 15.
Bc3 Qg6 16. dxc5 bxc5 17. Qd2 d5 18. O-O-O Rd8 19. Ne5 Nxe5 20. Bxe5 Nc6 21.
Bg3 dxc4 22. Qc3 Bd5 $11 1/2-1/2

[Event "ch-city"]
[Site "Milanowek"]
[Date "2010.07.04"]
[Round "9.9"]
[White "Chmielewska, Joanna"]
[Black "Kaminski, Stefan"]
[Result "1-0"]
[WhiteElo "1691"]
[BlackElo "1575"]
[PlyCount "73"]
[EventDate "2010.06.26"]
[EventType "swiss"]
[EventRounds "1"]
[EventCountry "POL"]
[SourceDate "2010.06.26"]

1. e4 e5 2. Nf3 Nc6 3. Bc4 h6 4. O-O Bc5 5. c3 d6 6. d3 Be6 7. Bb5 a6 8. Ba4 b5
9. Bc2 Bg4 10. Nbd2 Nge7 11. Re1 O-O 12. Nf1 Ng6 13. h3 Be6 14. Ng3 Nce7 15. d4
exd4 16. cxd4 Ba7 17. Qe2 c6 18. Nf5 Re8 19. Qd3 Nf8 20. Bf4 Bb8 21. N3h4 d5
22. Qg3 Neg6 23. Bxb8 Rxb8 24. Nxg6 Nxg6 25. exd5 Qxd5 26. Be4 Qc4 27. Nd6 Qxd4
28. Nxe8 Rxe8 29. Bxg6 fxg6 30. Qxg6 Bf7 31. Rxe8+ Bxe8 32. Qxe8+ Kh7 33. Re1
Qxb2 34. Qf7 Qc2 35. Re7 Qd1+ 36. Kh2 Qd6+ 37. g3 1-0

[Event "ch-city"]
[Site "Milanowek"]
[Date "2010.07.04"]
[Round "9.10"]
[White "Herman, Monika"]
[Black "Kucharski, Jacek"]
[Result "1-0"]
[WhiteElo "1665"]
[BlackElo "1369"]
[PlyCount "99"]
[EventDate "2010.06.26"]
[EventType "swiss"]
[EventRounds "1"]
[EventCountry "POL"]
[SourceDate "2010.06.26"]

1. e4 e5 2. Nf3 Nc6 3. Bc4 Bc5 4. O-O d6 5. h3 Qe7 6. Nc3 Nf6 7. d3 Na5 8. Bb3
Nxb3 9. axb3 a6 10. Bg5 c6 11. Re1 O-O 12. Nh2 Qe6 13. Qf3 h6 14. Bxf6 Qxf6 15.
Qxf6 gxf6 16. Ne2 d5 17. Ng3 d4 18. Rf1 Bd6 19. Ng4 Kg7 20. f4 exf4 21. Nh5+
Kg6 22. Nxf4+ Bxf4 23. Rxf4 Bxg4 24. Rxg4+ Kh7 25. Rf1 Rae8 26. Rxf6 Re6 27.
Rgf4 Kg7 28. Rxe6 fxe6 29. Rxf8 Kxf8 30. e5 Kf7 31. g4 Kg6 32. Kf2 Kg5 33. Kg3
h5 34. h4+ Kg6 35. Kf4 a5 36. c3 dxc3 37. bxc3 b5 38. gxh5+ Kxh5 39. Ke3 a4 40.
bxa4 bxa4 41. Kd2 a3 42. Kc2 a2 43. Kb2 a1=Q+ 44. Kxa1 Kxh4 45. Kb2 Kg4 46. d4
Kf4 47. Kb3 c5 48. Kc4 cxd4 49. cxd4 Kf5 50. Kc5 1-0